00885nam a2200229 i 450000100060000000300090000600500170001500700030003200800410003508000260007610000300010224501530013226000380028530000330032365000610035665000300041770000390044785200220048694200080050899900170051695201220053342947ES-MaACL20250906063043.0t|030314s1971 sp af |||| | spa d a355.489(100)"1939/45"1 aCastro, Ferdinando93685414aLos kamikazes :bhistoria de los pilotos suicidas japoneses en la Segunda Guerra Mundial / cFerdinando Castro ; [traducido por José M.ª Mundet]. aBarcelona : bDe Vecchi, c[1971] a190 p., 16 lám. ; c21 cm.04aGuerra mundial, 1939-1945-xOperaciones aéreas.913246 4aPilotos kamikaze.91620311 aMundet Gifre, Josep Maria.9150931 aES-MaACLjC-47786 2udc c42947d42947 00104070aATENEOMbATENEOMcDEPO2d2008-01-17eSCl0oC-47786p1045205r2023-02-23 00:00:00w2023-02-23yMONOGRAFIA